00514cam a22002171 4500001001300000003000400013005001700017008004100034010001700075035002000092040001800112042001200130050001700142100002400159245002100183260002100204300002300225500001800248650001300266999001700279sa 64008775 DLC20260227112056.0890807s1963 ii 000 0 malo  asa 64008775  a(OCoLC)20137763 aDLCcWaUdDLC apremarc00aQ171b.S58452 aSivankutty Nair, G.10aCitṛaśāla. a[Oachira?c1963] aii, 152 p.c19 cm. aIn Malayalam. 0aScience. c61032d61032